000 00976nas a2200313 4500
001 BR2013007411
003 BR-BrBNA
005 20231205122938.0
007 ta
008 230509b bl.|||p| |||| 00| 00por d
040 _aBR-BrBNA
_bpor
_cBiblioteca Nacional de Agricultura
041 _a(Pt)
072 _aF30; F01
100 1 _aFerreira, A.D.
100 1 _aCarvalho, G.R.
100 1 _aRezende, J.C. de
100 1 _aBotelho, C.E.
100 1 _aRezende, R.M.
100 1 _aCarvalho, A.M. de
245 1 _aDesempenho agronômico de seleções de café Bourbon vermelho e Bourbon amarelo de diferentes origens
650 _aCAFÉ
650 _aCOFFEA ARABICA
650 _aFENÓTIPO
650 _aSELEÇÃO GENÉTICA
650 _aCARACTERÍSTICAS AGRONÔMICAS
773 0 _tPesquisa Agropecuária Brasileira (Brazil)
_xISSN 0100-204X
_g(Apr 2013), v. 48(4) p. 388-394
_wBR2013007411
909 _a202311
_bLúcia
_c55
_dLúcia Elande
942 _2AGRIS
_n0
_cANA
999 _c231399
_d231399